000 00757aam a2200289 i 4500
001 768714001
003 CO-MdFUSB
005 20250901124440.0
007 ta
008 250901t1900 -us |||| |||| 00| 0 eng d
040 _cCO-MdFUSB
041 0 _aeng
082 0 4 _223
_a249.3
_bT649h
100 1 _aTorrey, Reuben A. (Archer) (1856-1928)
_eautor
245 1 0 _aHow to Pray
_c/ R. A. Torrey
264 1 _bBible Institute Colportage,
_aChicago, USA :
_c[1900]
264 4 _c©1900
300 _a130 páginas
336 _atexto
_btxt
_2rdacontent
337 _2rdamedia
_asin mediación
_bn
338 _2rdacarrier
_avolumen
_bnc
563 _aRústico
650 7 _aOración
_986
942 _cBK
945 _aJTF-925
999 _c36298
_d36298